Statistics for Top Piano Producing Countries

Click here to take the quiz!

General Stats

  • This quiz has been taken 1,272 times
    (859 since last reset)
  • The average score is 12 of 15

Answer Stats

%Country% Correct
2.9United States
99%
5.4China
98%
19.1Germany
98%
1.0France
96%
36.3Japan
94%
0.8United Kingdom
94%
1.3Italy
92%
1.4South Korea
81%
0.9Austria
80%
1.6Poland
79%
1.5Netherlands
72%
0.7Belgium
70%
2.5Czech Republic
57%
20.3Indonesia
51%
1.1Malaysia
33%

Score Distribution

Percentile by Number Answered

Percent of People with Each Score

Your Score History

You have not taken this quiz since the last reset